Statistics for Lebron's Finals Opponents

Click here to take the quiz!

General Stats

  • This quiz has been taken 71 times
  • The average score is 10 of 10

Answer Stats

HintAnswer% Correct
2016Warriors
100%
2015Warriors
100%
2018Warriors
100%
2017Warrriors
100%
2020Heat
95%
2007Spurs
95%
2013Spurs
95%
2014Spurs
95%
2011Mavericks
94%
2012Thunder
85%

Score Distribution

Percentile by Number Answered

Percent of People with Each Score

Your Score History

You have not taken this quiz